000 00247nam a22001217a 4500
008 180927b xxu||||| |||| 00| 0 eng d
041 _aeng
080 _a519
100 _a38
101 _aMAT
245 _aCalculus
_cSmith.E.S
942 _2udc
_cBK
999 _c48537
_d48537